=LDR 00000nam 2200000 4500 =001 INLIS000000000036842 =005 20130612142614 =008 ***********************************Ind** =035 ##$$0010-061300000036842 =041 ##$$a Ind =082 ##$$a 641.865 4 =090 ##$$a 641.865 4, Apr s =100 ##$$a Apriadji, Wied Harry =245 ##$$a Sukses bisnis kuliner rumahan modal Rp. 100-200 ribu cake, kue, puding dan minuman teh hijau, Wied Harry Apriadji =260 ##$$a [20...?] $b Jakarta =300 ##$$a 125 hlm, ilus, 21 cm =650 ##$$a Kue, resep =700 ##$$a Hardian, Intarina =850 ##$$a NBPNMAT